| 000 | 00493nam a2200181 a 4500 | ||
|---|---|---|---|
| 001 | 28894 | ||
| 005 | 20180713231843.0 | ||
| 008 | 140415s1988 mx 000 0 spa d | ||
| 020 | _a842394400X | ||
| 041 | _aspa | ||
| 082 |
_a900.1 _bWELL |
||
| 100 | 1 | _aGOLO MANN, ALFRED HEUSS | |
| 245 | 1 | 0 | _aHISTORIA UNIVERSAL GRECIA EL MUNDO HELENISTICO 2 |
| 250 | _a1a ed. | ||
| 260 |
_aMEXICO : _bESPASA CALPE, _c1988 |
||
| 300 |
_a766 _c12 x 2 x 16 |
||
| 650 | 1 | 4 | _aHISTORIA UNIVERSAL |
| 999 |
_c28894 _d28894 |
||